Analýza možností implementácie autonómneho zásobovania do kľúčových častí materiálového toku výroby ako kľúčový prvok Industry 4.0

Salvato in:
Dettagli Bibliografici
Autore principale: Havlík, Jakub (Autore)
Altri autori: Delgado Sobrino, Daynier Rolando (Relatore della tesi)
Natura: Manoscritto Libro
Lingua:slovacco
Pubblicazione: 2025
Soggetti:
Accesso online:http://is.stuba.sk/zp/portal_zp.pl?podrobnosti=184007
Tags: Aggiungi Tag
Nessun Tag, puoi essere il primo ad aggiungerne!!

MARC

LEADER 00000ntm a22000003a 4500
001 stuzp103610
003 SK-STU
005 20250614212102.5
007 ta
008 150427s2015----xo-----f-mn---000-0-slo-d
040 |a STU  |b slo 
041 0 |a slo 
100 1 |a Havlík, Jakub  |u 063000  |4 aut  |U MTF Materiálovotechnologická fakulta  |T MTF Ústav výrobných technológií  |X 110461  |U M3000  |Y 83  |7 110461 
242 0 1 |a Analysis of the Possibilities for Implementing Autonomous Supply in Key Sections of the Production Material Flow as a Key Element of Industry 4.0  |y eng 
245 1 0 |a Analýza možností implementácie autonómneho zásobovania do kľúčových častí materiálového toku výroby ako kľúčový prvok Industry 4.0 
260 |c 2025 
650 4 |a simulation  |2 eng 
650 4 |a production logistics  |2 eng 
650 4 |a FMR  |2 eng 
650 4 |a AMR  |2 eng 
650 4 |a Industry 4.0  |2 eng 
650 4 |a material flow  |2 eng 
650 4 |a autonomous supply  |2 eng 
650 4 |a simulácia  |2 slo 
650 4 |a výrobná logistika  |2 slo 
650 4 |a FMR  |2 slo 
650 4 |a AMR  |2 slo 
650 4 |a Industry 4.0  |2 slo 
650 4 |a materiálový tok  |2 slo 
650 4 |a autonómne zásobovanie  |2 slo 
700 1 |a Delgado Sobrino, Daynier Rolando  |u 063800  |k Z1  |4 ths  |U MTF Ústav výrobných technológií  |T MTF Katedra výrobných zariadení a systémov  |X 45485  |U M3800  |Y 660  |7 A000045485 
856 4 |u http://is.stuba.sk/zp/portal_zp.pl?podrobnosti=184007 
996 |c M* DP-15542  |l MMSKP  |s P  |a 0  |w stuzp103610_0001